Modern english short stories : (Record no. 39898)

MARC details
000 -CABECERA
campo de control de longitud fija 00689nam a2200205 a 4500
005 - FECHA Y HORA DE LA ÚLTIMA TRANSACCIÓN
campo de control 20240614063734.0
008 - ELEMENTOS DE LONGITUD FIJA--INFORMACIÓN GENERAL
campo de control de longitud fija 991125s1966 lon 000 0 eng u
035 ## - NÚMERO DE CONTROL DEL SISTEMA
Número de control de sistema UPN01000039898
049 ## - COLECCIÓN
Colección CG
050 #4 - SIGNATURA TOPOGRÁFICA DE LA BIBLIOTECA DEL CONGRESO
Número de clasificación PE1121 M5.3
245 00 - MENCIÓN DE TÍTULO
Título Modern english short stories :
Resto del título volumen 2 /
Mención de responsabilidad, etc. by Joseph Conrad... [et al.] ; introd., glossary and notes by Richard Martin
260 ## - PUBLICACIÓN, DISTRIBUCIÓN, ETC.
Lugar de publicación, distribución, etc. London :
Nombre del editor, distribuidor, etc. MacMillan,
Fecha de publicación, distribución, etc. 1966
300 ## - DESCRIPCIÓN FÍSICA
Extensión 71 p.
440 #0 - MENCIÓN DE SERIE/ASIENTO SECUNDARIO--TÍTULO
Título Macmillan's student series
650 #4 - ASIENTO SECUNDARIO DE MATERIA - TERMINO TEMATICO
Término de materia o nombre geográfico como elemento de entrada Inglés
Subdivisión de forma Libros de texto para extranjeros
9 (RLIN) 9168
700 1# - ASIENTO SECUNDARIO--NOMBRE DE PERSONAL
Nombre de persona Conrad, Joseph,
Fechas asociadas al nombre 1857-1924
Término indicativo de función/relación coaut.
700 1# - ASIENTO SECUNDARIO--NOMBRE DE PERSONAL
Nombre de persona Dixson, Robert James,
Fechas asociadas al nombre 1908-1963
Término indicativo de función/relación coaut.
9 (RLIN) 30894
904 ## - ELEMENTOS DE DATOS D LOCAL, LDD (RLIN)
a AC
b 039900
905 ## - TIPO DE MATERIAL
Tipo de material Libro
Holdings
Estado de retiro Estado de pérdida Fuente del sistema de clasificación o colocación Estado dañado No para préstamo Código de colección Localización permanente Ubicación/localización actual Ubicación en estantería Enumeración/cronología de publicación seriada Total de préstamos Clasificación Código de barras Fecha visto por última vez Número de copia Tipo de ítem Koha
    Library of Congress Classification     Colección General Bib. Gregorio Torres Quintero Bib. Gregorio Torres Quintero Planta baja -   PE1121 M5.3 4540 31/12/2020 1 Libro